| 000 | 00000nam##2200000za#4500 |
| 001 | 9.572317 |
| 003 | CaOODSP |
| 005 | 20220111083051 |
| 007 | cr ||||||||||| |
| 008 | 150406|1992||||xxc|||||o f|0| 0 eng|d |
| 022 | |a1928-6414 |
| 040 | |aCaOODSP|beng |
| 043 | |an-cn--- |
| 086 | 1 |aNE22-1/1992-11E-PDF |
| 110 | 1 |aCanada. |bNational Energy Board. |
| 245 | 10|aReasons for decision in the matter of TransCanada PipeLines Limited |h[electronic resource] |
| 246 | 1 |iVariant title : |aTransCanada PipeLines Limited |
| 260 | |aCalgary - Alberta : |bNational Energy Board |cJune 1992. |
| 300 | |a101p.|bfigs., maps, tables |
| 490 | 1 |aReasons for decision |x1928-6414|vGH-R-1-92 |
| 500 | |aThe catalogue number (NE22-1/1992-11e) and ISBN (0-662-19808-5) for the print edition have been incorrectly copied in this electronic publication. |
| 590 | |a12-06-Supp|b2012-03-07 |
| 775 | 08|tMotifs de décision relativement à TransCanada PipeLines Limited |w(CaOODSP)9.602695 |
| 776 | 0#|tTransCanada PipeLines Limited : |w(CaOODSP)9.609912 |
| 830 | #0|aReasons for decision (Canada. National Energy Board)|x1928-6414|vGH-R-1-92|w(CaOODSP)9.504480 |
| 856 | 40|ahttp://publications.gc.ca|qPDF|s587 KB|uhttps://publications.gc.ca/collections/Collection/NE22-1-1992-11E.pdf|yGH-R-1-92 |